000 00491nam a2200169 a 4500
003 PILC
005 20150827152035.0
008 021014s19uu xx 00 eng d
050 _aTK 5105
_b.K52 2002
100 _aKing, David
245 _aA quick and practical guide to the internet /
_cDavid King.
260 _a[S.l.] :
_bWorldlink Marketing Corporation,
_c2001.
300 _a103 pages :
_billustrations ;
_c22 cm.
650 _aInternet.
942 _cBK
_2lcc
_kFOR
999 _c19771
_d19771